Catalog

Record Details

Catalog Search



1491 : new revelations of the Americas before ... Read More

Mann, Charles C.(Author).

Available copies

  • 3 of 3 copies available at LARL/NWRL Consortium.

Current holds

0 current holds with 3 total copies.

Show Only Available Copies
Location Call Number / Copy Notes Barcode Shelving Location Status Due Date
Godel Memorial-Warren Library 970.01 MAN (Text) 35500003703806 Main Available -
Hallock Public Library 970.01 MAN (Text) 35500003758818 Main Available -
Thief River Falls Public Library 970.01 MAN (Text) 35500003888276 Main Available -

Record details

  • ISBN: 140004006X (alk. paper)
  • Physical Description: xii, 465 p. : ill., maps ; 25 cm.
  • Edition: 1st ed.
  • Publisher: New York : Knopf, 2005.

Content descriptions

Bibliography, etc. Note:
Includes bibliographical references (p. [403]-449) ... Read More
Subject: Indians > Origin.
Indians > History.
Indians > Antiquities.
America > Antiquities.
LDR 01531cam a22003614a 4500
00161532
003LARL_NWRL_CONSORTIUM
00520050823115842.0
008040930s2005 nyuab b 001 0 eng
010 . ‡a2004061547
020 . ‡a140004006X (alk. paper)
035 . ‡a(OCoLC)56632601
040 . ‡aDLC ‡cDLC ‡dOCLCQ ‡dBAKER ‡dC#P
042 . ‡apcc
043 . ‡an------ ‡as------
08200. ‡a970.01/1 ‡222
1001 . ‡aMann, Charles C. ‡0(LARL_NWRL_CONSORTIUM)84908
24510. ‡a1491 : ‡bnew revelations of the Americas before Columbus / ‡cCharles C. Mann.
250 . ‡a1st ed.
260 . ‡aNew York : ‡bKnopf, ‡c2005.
300 . ‡axii, 465 p. : ‡bill., maps ; ‡c25 cm.
504 . ‡aIncludes bibliographical references (p. [403]-449) and index.
650 0. ‡aIndians ‡xOrigin. ‡0(LARL_NWRL_CONSORTIUM)22853
650 0. ‡aIndians ‡xHistory. ‡0(LARL_NWRL_CONSORTIUM)22844
650 0. ‡aIndians ‡xAntiquities. ‡0(LARL_NWRL_CONSORTIUM)22834
651 0. ‡aAmerica ‡xAntiquities. ‡0(LARL_NWRL_CONSORTIUM)13357
901 . ‡a61532 ‡bOCLC ‡c61532 ‡tbiblio

Additional Resources